Solutions of problems in structures (Record no. 57909)

MARC details
000 -LEADER
fixed length control field 00520nam a2200157 a 4500
008 - FIXED-LENGTH DATA ELEMENTS--GENERAL INFORMATION
fixed length control field 120416s0000 ||||||||||||||||| || u
020 ## - INTERNATIONAL STANDARD BOOK NUMBER
International Standard Book Number 0273009958
050 ## - LIBRARY OF CONGRESS CALL NUMBER
Classification number TA 640.4 Mar
100 ## - MAIN ENTRY--PERSONAL NAME
Personal name Marshall, W. T
245 10 - TITLE STATEMENT
Title Solutions of problems in structures
250 ## - EDITION STATEMENT
Edition statement 2nd metric
260 ## - PUBLICATION, DISTRIBUTION, ETC.
Place of publication, distribution, etc. London
Name of publisher, distributor, etc. Pitman
Date of publication, distribution, etc. 1978
300 ## - PHYSICAL DESCRIPTION
Extent viii, 401p. : ill
350 ## - PRICE (NR) (BK AM CF MU VM SE) [OBSOLETE]
Price 0.00
995 ## - RECOMMENDATION 995 [LOCAL, UNIMARC FRANCE]
-- 0.00
-- CBU-MAIN LIBRARY (Kitwe)
-- 1
-- 5.25
-- 1
-- DAMAGED
-- Main Library Open Access Collection
Holdings
Withdrawn status Lost status Source of classification or shelving scheme Damaged status Not for loan Home library Current library Shelving location Date acquired Total Checkouts Full call number Barcode Date last seen Price effective from Koha item type
          CBU-MAIN LIBRARY, KITWE. CBU-MAIN LIBRARY, KITWE.   11/30/2022   TA 640.4 Mar 018892 11/30/2022 11/30/2022 MONOGRAPH